Understanding phonology /

Gespeichert in:
Bibliographische Detailangaben
1. Verfasser: Gussenhoven, Carlos, 1946-
Format: Buch
Sprache:English
Veröffentlicht: London ; New York : Arnold ; Oxford University Press, 1998.
Schlagworte:
Tags: Tag hinzufügen
Keine Tags, Fügen Sie den ersten Tag hinzu!
Thư viện lưu trữ: Mạng thư viện Đại học Đà Nẵng
LEADER 00825cam a2200313 i 4500
001 000045501
003 4683
005 20030227162720.0
008 010302|1998 vm 000 eng
020 |a 0340692189 
040 |a IRC  |c IRC  |d IRC 
041 0 |a eng 
082 1 4 |a 414  |b GU-C 
100 1 |a Gussenhoven, Carlos,  |d 1946- 
245 0 0 |a Understanding phonology /  |c Carlos Gussenhoven. 
260 |a London ; New York :  |b Arnold ; Oxford University Press,  |c 1998. 
300 |a xii, 286p. :  |b ill. 
630 0 4 |a Phonology. 
650 0 4 |a Grammar, comparative and general  |x Phonology. 
OWN |a DUT 
999 |a From the UDN01 
TYP |a Monograph 
TYP |a Printed language 
980 |a Mạng thư viện Đại học Đà Nẵng